| 000 | 00455 a2200157 4500 | ||
|---|---|---|---|
| 005 | 20250627111700.0 | ||
| 020 | _a0-07-282937-3 | ||
| 082 | _a657.835'00973 ENG, | ||
| 100 | _aENGSTROM, J.H. | ||
| 245 | _aEssentials of Accounting for Government and Not for Profit Organizations, | ||
| 250 | _a7th Ed. | ||
| 260 |
_aNew York, _bMcGraw-Hill Irwin, _c2004. |
||
| 300 |
_axi,; 443p: ill,; figure, _bIndex, _c23cm. |
||
| 700 | _aCOPLEY, P.A. | ||
| 942 |
_2ddc _cBKS |
||
| 999 |
_c5596 _d5596 |
||